Kde sú dáta, tam môžu byť peniaze

Speňaženie údajov o zákazníkoch. Príležitosť pre telekomy, banky aj obchodníkov. Monetizácia dát - rýchlo rastúci biznis.

Gespeichert in:
Bibliographische Detailangaben
1. Verfasser: Závodný, Pavol
Format: Buchkapitel
Sprache:Slowakisch
Schlagworte:
Tags: Tag hinzufügen
Keine Tags, Fügen Sie das erste Tag hinzu!

MARC

LEADER 00000naa a2200000 4500
001 0191860
005 20231113101708.6
041 0 |a slo 
044 |a SK 
245 1 0 |a Kde sú dáta, tam môžu byť peniaze  |c Pavol Závodný 
520 |a Speňaženie údajov o zákazníkoch. Príležitosť pre telekomy, banky aj obchodníkov. Monetizácia dát - rýchlo rastúci biznis. 
610 2 0 |a podnikanie 
610 2 0 |a obchod 
610 2 0 |a banky 
610 2 0 |a telekomunikácie 
610 2 0 |a spotrebitelia 
610 2 0 |a zákazníci 
610 2 0 |a dáta 
100 1 |a Závodný, Pavol